000
00293nam a22001337a 4500
008
170825b xxu||||| |||| 00| 0 eng d
020
_a
136888049012009076915101
041
_a
eng
080
_a
070
100
_a
39
101
_a
MED
245
_a
MEDIA HISTORY
_c
ARONSON,A
942
_2
udc
_c
BK
999
_c
25072
_d
25072